Xây dựng hệ thống thông tin hỗ trợ điều tra tội phạm

Những vấn đề về kỹ thuật và công nghệ Nêu lên những kỹ thuật và công nghệ đã được sử dụng trong đề tài. Chương 2: Các thuật toán dò tìm và nhận dạng khuôn mặt Nêu rõ hai thuật toán được áp dụng vào đề tài.Xây dựng hệ thống nhận diện tội phạm. Phân tích, thiết kế hệ thống nhận diện tội phạm và kết qu...

Volledige beschrijving

Bewaard in:
Bibliografische gegevens
Hoofdauteur: Phan Thanh Ngọc
Andere auteurs: Lê Văn Sơn PGS.TS (Hướng dẫn)
Formaat: Boek
Gepubliceerd in: Đà Nẵng Đại học Sư phạm, Đại học Đà Nẵng 2012
Onderwerpen:
Tags: Voeg label toe
Geen labels, Wees de eerste die dit record labelt!
Thư viện lưu trữ: Mạng thư viện Đại học Đà Nẵng
LEADER 02073nam a2200337 4500
001 000017256
003 13672
005 20130327090342.0
008 130327s2012 sd
082 |a 005.432  |b PH-N 
100 1 |a Phan Thanh Ngọc 
245 |a Xây dựng hệ thống thông tin hỗ trợ điều tra tội phạm  |c Phan Thanh Ngọc ; Lê Văn Sơn hướng dẫn  |k Khóa luận tốt nghiệp 
260 |a Đà Nẵng  |b Đại học Sư phạm, Đại học Đà Nẵng  |c 2012 
300 |a 102 tr.  |b Hình mh.  |c 29 cm.  |e Đĩa CD, bản tóm tắt 
500 |a Khóa luận tốt nghiệp đại học. Chuyên ngành: Cử nhân công nghệ thông tin 1 
504 |a Mục lục đầu trang, tài liệu tham khảo tr. 73 - 74, phụ lục [13 tr.] 
520 |a Những vấn đề về kỹ thuật và công nghệ Nêu lên những kỹ thuật và công nghệ đã được sử dụng trong đề tài. Chương 2: Các thuật toán dò tìm và nhận dạng khuôn mặt Nêu rõ hai thuật toán được áp dụng vào đề tài.Xây dựng hệ thống nhận diện tội phạm. Phân tích, thiết kế hệ thống nhận diện tội phạm và kết quả đạt được. Đánh giá kết quả đạt được và các hướng phát triển của đề tài. 
600 1 4 |b Vua  |c Đinh Tiên Hoàng 
650 0 4 |a Hệ thống thông tin  |a Điều tra tội phạm  |v Khóa luận tốt nghiệp  |x Ứng dụng tin học 
653 |a Khoa Tin  |a Điều tra tội phạm  |a Ứng dụng tin học 
700 |a Lê Văn Sơn  |c PGS.TS  |e Hướng dẫn 
OWN |a LSP 
AVA |a UDN50  |b LSP  |d 005.432 PH-N  |e available  |t Error 5001 Not defined in file expand_doc_bib_avail.  |f 1  |g 0  |h N  |i 0  |k 1 
999 |a From the UDN01 
AVA |a UDN50  |b LSP  |d 005.432 PH-N  |e available  |t Error 5001 Not defined in file expand_doc_bib_avail.  |f 1  |g 0  |h N  |i 0  |k 1 
TYP |a Monograph 
TYP |a Printed language 
980 |a Mạng thư viện Đại học Đà Nẵng